000 01182nam a22002777a 4500
003 OSt
005 20230130095252.0
007 cr ||||||a|c|a
008 230124s2021 mx ||||fom||| 001 0 spa d
040 _erda
100 1 _9185983
_aAlegría Osorio, Francisco Javier
245 1 _aPor un perfil epidemiológico sociocultural en el contexto rural de Los Tuxtlas, Veracruz /
_cpor Francisco Javier Alegría Osorio; director de tesis José Alfredo Castellanos Suárez.
264 1 _aChapingo, México :
_bEl autor,
_c2021.
300 _a1 recurso en línea (128 páginas).
336 _2rdacontent
_atexto
_btxt
337 _2rdamedia
_acomputadora
_bc
338 _2rdacarrier
_arecurso en línea
_bcr
502 _bMCSR
_cSociología
_d2021.
_gMAE
504 _aIncluye referencias bibliográficas: páginas 124-127.
650 0 _9150755
_aSalud humana
650 4 _9136833
_aMedicina preventiva
650 4 _973914
_aMedicina alternativa
700 1 _920024
_aCastellanos Suárez, José Alfredo
_eDirector de tesis.
856 _uhttp://10.13.5.2/tesis/tm/2021_SR_Alegria_Osorio_FranciscoJavier.pdf
_zDESCARGAR PDF
942 _2Clasificación Universidad Autónoma Chapingo
_cTD
999 _c218141
_d218141